000 00317 a2200157 4500
001 194561
020 _a978-85-61167-95-0
040 _cMagnum
100 _aAnabella, López
240 1 0 _aUm coelho
_lpor
245 1 0 _aUm coelho
300 _a40
362 0 _a2017
697 _aLITERATURA INFANTO
942 _cBK
999 _c194561
_d194561